000 00308nam a22001457a 4500
008 230419b ||||| |||| 00| 0 eng d
020 _a9780521318777
041 _aeng
080 _a37
082 _a37YUL
100 _a24
101 _aEDU
245 _aTHE STUDY OF LANGUAGE
_cYULE.G
942 _2udc
_cBK
999 _c59612
_d59612